[Event "Heusenstamm Sparkassen op-B 5th"]
[Site "Heusenstamm"]
[Date "2018.11.22"]
[Round "1"]
[White "Edenhaeuser, Hermann"]
[Black "Peschk, Kathrin"]
[Result "1/2-1/2"]
[WhiteElo "1701"]
[BlackElo "1357"]
[PlyCount "67"]
[EventDate "2018.11.22"]
[EventType "swiss"]
[EventRounds "7"]
[EventCountry "GER"]
[SourceTitle "CBM 187 Extra"]
[Source "ChessBase"]
[SourceDate "2018.11.04"]
[SourceVersion "1"]
[SourceVersionDate "2018.11.04"]
[SourceQuality "1"]

1. e4 e5 2. Nf3 Nf6 3. Nxe5 d6 4. Nf3 Nxe4 5. d4 Bg4 6. Bd3 d5 7. c4 Bb4+ 8. Bd2 Bxd2+ 9. Nbxd2 Nxd2 10. Qxd2 c6 11. Qe3+ Qe7 12. Qxe7+ Kxe7 13. Ne5 Be6 14. c5 Nd7 15. Nxd7 Kxd7 16. 0-0 Rac8 17. Rab1 b6 18. b4 Rb8 19. a4 bxc5 20. bxc5 a5 21. f4 f5 22. Kf2 g6 23. h3 Rb4 24. Rxb4 axb4 25. Rb1 Rb8 26. Ke2 b3 27. a5 Rb4 28. Ke3 Kc7 29. Ba6 Kb8 30. Kd3 Ka7 31. Kc3 Ra4 32. Bd3 Rxa5 33. Rxb3 Bc8 34. Rb6 1/2-1/2

[Event "Heusenstamm Sparkassen op U14 2nd"]
[Site "Heusenstamm"]
[Date "2015.11.27"]
[Round "2"]
[White "Tornay, Aritz"]
[Black "Edenhaeuser, Hermann"]
[Result "0-1"]
[WhiteElo "938"]
[BlackElo "1277"]
[PlyCount "52"]
[EventDate "2015.11.27"]
[EventType "swiss"]
[EventRounds "5"]
[EventCountry "GER"]
[SourceTitle "EXT 2018"]
[Source "ChessBase"]
[SourceDate "2017.10.13"]
[SourceVersion "1"]
[SourceVersionDate "2017.10.13"]
[SourceQuality "1"]

1. e4 e6 2. d4 d5 3. Nc3 Nf6 4. e5 Nfd7 5. Nf3 c5 6. Bf4 cxd4 7. Qxd4 Nc6 8. Qe3 Bc5 9. Qd2 Qc7 10. Nb5 Qb8 11. Nd6+ Bxd6 12. exd6 e5 13. Qxd5 exf4 14. Ng5 0-0 15. Bc4 Nf6 16. Qf5 Bxf5 17. 0-0-0 h6 18. Nh3 Rd8 19. Nxf4 Rxd6 20. Nd5 Nxd5 21. Bxd5 Be6 22. c4 Bxd5 23. cxd5 Ne7 24. Rhe1 Rxd5 25. Rxe7 Qc8+ 26. Kb1 Rxd1# 0-1